UBT Library

THE WORLD BOOK ENCYCLOPEDIA (Record no. 20098)

000 -LEADER
fixed length control field 00262nam a22001217a 4500
008 - FIXED-LENGTH DATA ELEMENTS--GENERAL INFORMATION
fixed length control field 170707b xxu||||| |||| 00| 0 eng d
041 ## - LANGUAGE CODE
Language code of text/sound track or separate title eng
080 ## - UNIVERSAL DECIMAL CLASSIFICATION NUMBER
Universal Decimal Classification number 003
100 ## - Rafti
Rafti 23
101 ## - Shkurtesa
Shkurtesa ENC
245 ## - TITLE STATEMENT
Title THE WORLD BOOK ENCYCLOPEDIA
Statement of responsibility, etc BACH
942 ## - ADDED ENTRY ELEMENTS (KOHA)
Source of classification or shelving scheme
Item type Books
Holdings
Withdrawn status Lost status Source of classification or shelving scheme Damaged status Not for loan Collection code Permanent location Current location Shelving location Date acquired Total Checkouts Full call number Barcode Date last seen Price effective from Koha item type
          Koleksioni i përgjithshem UBT - Lipjan UBT - Lipjan Koleksioni i përgjithshem 07/07/2017   003 BACH 002-2909610 07/07/2017 07/07/2017 Books
          Koleksioni i përgjithshem UBT - Lipjan UBT - Lipjan Koleksioni i përgjithshem 07/07/2017   003 BACH 002-2909615 07/07/2017 07/07/2017 Books
          Koleksioni i përgjithshem UBT - Lipjan UBT - Lipjan Koleksioni i përgjithshem 07/07/2017   003 BACH 002-2909620 07/07/2017 07/07/2017 Books
          Koleksioni i përgjithshem UBT - Lipjan UBT - Lipjan Koleksioni i përgjithshem 07/07/2017   003 BACH 002-2909625 07/07/2017 07/07/2017 Books
          Koleksioni i përgjithshem UBT - Lipjan UBT - Lipjan Koleksioni i përgjithshem 07/07/2017   003 BACH 002-2909630 07/07/2017 07/07/2017 Books
          Koleksioni i përgjithshem UBT - Lipjan UBT - Lipjan Koleksioni i përgjithshem 07/07/2017   003 BACH 002-2909635 07/07/2017 07/07/2017 Books
          Koleksioni i përgjithshem UBT - Lipjan UBT - Lipjan Koleksioni i përgjithshem 07/07/2017   003 BACH 002-2909640 07/07/2017 07/07/2017 Books
          Koleksioni i përgjithshem UBT - Lipjan UBT - Lipjan Koleksioni i përgjithshem 07/07/2017   003 BACH 002-2909645 07/07/2017 07/07/2017 Books
          Koleksioni i përgjithshem UBT - Lipjan UBT - Lipjan Koleksioni i përgjithshem 07/07/2017   003 BACH 002-2909650 07/07/2017 07/07/2017 Books
          Koleksioni i përgjithshem UBT - Lipjan UBT - Lipjan Koleksioni i përgjithshem 07/07/2017   003 BACH 002-2909655 07/07/2017 07/07/2017 Books
          Koleksioni i përgjithshem UBT - Lipjan UBT - Lipjan Koleksioni i përgjithshem 07/07/2017   003 BACH 002-290660 07/07/2017 07/07/2017 Books
          Koleksioni i përgjithshem UBT - Lipjan UBT - Lipjan Koleksioni i përgjithshem 07/07/2017   003 BACH 002-290665 07/07/2017 07/07/2017 Books
          Koleksioni i përgjithshem UBT - Lipjan UBT - Lipjan Koleksioni i përgjithshem 07/07/2017   003 BACH 002-2909611 07/07/2017 07/07/2017 Books
          Koleksioni i përgjithshem UBT - Lipjan UBT - Lipjan Koleksioni i përgjithshem 07/07/2017   003 BACH 002-2909616 07/07/2017 07/07/2017 Books
          Koleksioni i përgjithshem UBT - Lipjan UBT - Lipjan Koleksioni i përgjithshem 07/07/2017   003 BACH 002-2909621 07/07/2017 07/07/2017 Books
          Koleksioni i përgjithshem UBT - Lipjan UBT - Lipjan Koleksioni i përgjithshem 07/07/2017   003 BACH 002-2909626 07/07/2017 07/07/2017 Books
          Koleksioni i përgjithshem UBT - Lipjan UBT - Lipjan Koleksioni i përgjithshem 07/07/2017   003 BACH 002-2909631 07/07/2017 07/07/2017 Books
          Koleksioni i përgjithshem UBT - Lipjan UBT - Lipjan Koleksioni i përgjithshem 07/07/2017   003 BACH 002-2909636 07/07/2017 07/07/2017 Books
          Koleksioni i përgjithshem UBT - Lipjan UBT - Lipjan Koleksioni i përgjithshem 07/07/2017   003 BACH 002-2909641 07/07/2017 07/07/2017 Books
          Koleksioni i përgjithshem UBT - Lipjan UBT - Lipjan Koleksioni i përgjithshem 07/07/2017   003 BACH 002-2909646 07/07/2017 07/07/2017 Books
          Koleksioni i përgjithshem UBT - Lipjan UBT - Lipjan Koleksioni i përgjithshem 07/07/2017   003 BACH 002-2909651 07/07/2017 07/07/2017 Books
          Koleksioni i përgjithshem UBT - Lipjan UBT - Lipjan Koleksioni i përgjithshem 07/07/2017   003 BACH 002-2909656 07/07/2017 07/07/2017 Books
UBT Library © 2015-2024. All rights reserved University Education for Business and Technology